000 00468nam a22001817a 4500
003 OSt
005 20220519051334.0
008 170327b xxu||||| |||| 00| 0 eng d
020 _a100070696799
040 _aMMU
_beng
_cMMU
_dMMU
050 _aBL41 .M555 2012
100 _aMiller James
245 _aCreate :
_cJames Miller
_bReligious studies/
260 _aNewYork:
_bMcGraw Hill,
_c2012.
300 _aiii, 280p. :
650 _aReligion
942 _2lcc
_cLOAN LOAN
999 _c26036
_d26036